000 01115 a2200229 4500
001 41140
005 20260407155705.0
008 260407a1990 arg spa d
003 AR-UNSa-BCEJYS
040 _aAR-UNSa-BCEJYS
_bspa
_cAR-UNSa-BCEJYS
080 _a347.725
_xSociedades públicas. Sociedades anónimas (Sociedades por acciones)
245 1 0 _aLa capitalización de utilidades en las sociedades anónimas
_pel pago de dividendos en acciones
020 _a950-9606-11-1
264 1 _aBuenos Aires :
_bAD-HOC
_c1990
300 _a156 p.
_c23 cm.
505 _a1. El derecho del socio a la percepción de las utilidades - 2. La capitalización de utilidades o pago de dividendos en acciones - 3. La protección del accionista frente a la capitalización de utilidades - 4. Carácter propio o ganancial de los dividendos en acciones - 5. Apéndice jurisprudencial
041 _aspa
942 _cBK
590 _aniveau_biblio:m niveau_hierar:0
100 1 _aNissen, Ricardo Augusto
856 4 1 _uhttps://biblioeco.unsa.edu.ar/pmb/images/libros/ls_cap_soc_anonimas_nissen.jpg
_yImagen de portada
_qimage/jpeg
999 _c3393
_d3393